Statistics for Countries With Dutch as an Official Language

Click here to take the quiz!

General Stats

  • This quiz has been taken 50 times
  • The average score is 4 of 6

Answer Stats

CountryContinent% Correct
BelgiumEurope
98%
NetherlandsEurope
98%
SurinameSouth America
89%
ArubaNorth America
65%
CuraçaoNorth America
57%
Sint MaartenNorth America
33%

Score Distribution

Percentile by Number Answered

Percent of People with Each Score

Your Score History

You have not taken this quiz